000 00323pab a2200145 454500
008 180718b1995 xxu||||| |||| 00| 0 eng d
100 _aNariman, Fali S.
245 _aSeshan case
260 _c1995
300 _ap.8
362 _a23 Jul
650 _aElection officials - India
773 _aStatesman
909 _a29876
999 _c29876
_d29876